000 00978cab a2200289 4500
001 WB3008-07
008 090401t1994 xxu||||| |||| 00| 0 eng d
035 _a(Sirsi) u75982
041 _aeng
245 _aBCO seeks new design rules
260 _c1994
350 _a0
490 _aEstates Times
_v(1224) 18 February 1994, 1(1)
520 _aThe British Council of Offices at its annual conference in May is to recommend new design rules for offices including reduction in floor, power and air conditioning loadings.
650 _aBUILT ENVIRONMENT-BUILDING ELEMENTS-COMPLETE BUILDING SERVICES ELEMENTS-COMPLETE HEATING, VENTILATION AND AIR CONDITIONING SYSTEMS
650 _aBCO
650 _aDESIGN
650 _aFLOOR LOADINGS
650 _aNATURAL LIGHT
650 _aOFFICES
650 _aPOWER LOADINGS
650 _aSPECIFICATION
650 _aVENTILATION
690 _aBUILT ENVIRONMENT-CONSTRUCTION DESIGN
942 _n0
948 _c04/03/1997
999 _c47806
_d47806